000 00566cam a22001933a 4500
001 38887
003 PGUSA
005 20140828083847.0
008 120215s2012||||xxu|||||s|||||000 | eng d
040 _aPGUSA
_beng
042 _adc
245 1 0 _aHow to Write a Novel :
_bA Practical Guide to the Art of Fiction
_h[electronic resource] /
_cAnonymous
260 _bProject Gutenberg,
_c2012
506 _aPublic domain in the USA.
516 _aElectronic text
830 0 _aProject Gutenberg
_v38887
856 4 0 _uhttp://www.gutenberg.org/ebooks/38887
942 _cEB
999 _c268141
_d268141